Gaming Quiz

Random Gaming or Numbers Quiz

Gaming with Legos Quiz Stats

 Plays Quiz Updated Sep 27, 2018

Support Sporcle.
Go Orange.
Score 0/18 Timer 05:00
14 Plays Today
Number Game % Correct
5Pac-Man
94.5%
2Donkey Kong
88.3%
9Super Mario Bros.
79%
7Frogger
78.3%
17Tron
78.2%
3Space Invaders
72%
1Duck Hunt
62.9%
18Mortal Kombat
60.7%
11Breakout
52.9%
Number Game % Correct
13Asteroids
52.7%
6Halo 2
31.7%
16Castlevania
29.6%
4Excitebike
28.2%
15Contra
23.3%
12Metal Gear
17.3%
14Katamari Damacy
13.5%
10Shadow of the Colossus
11.2%
8Bionic Commando
6.9%

You're not logged in!

Compare scores with friends on all Sporcle quizzes.
OR
Log In

From the Vault

'P' Countries

by skottles28

There are 10 countries in the world that start with the letter P, but Pyrgyzstan is not one of them.
Remove Ads.
Support Sporcle.
Get the best of Sporcle when you Go Orange. This ad-free experience offers more features, more stats, and more fun while also helping to support Sporcle. Thank you for becoming a member.

Show Comments

Extras

Top Quizzes Today


Score Distribution

Your Account Isn't Verified!

In order to create a playlist on Sporcle, you need to verify the email address you used during registration. Go to your Sporcle Settings to finish the process.

Report this User

Report this user for behavior that violates our Community Guidelines.

Details: